000 00667nam a2200289Ia 4500
005 20260324144910.0
008 008 260324s9999 xx 000 0 eng d
020 _a9780429315473
037 _aEBOOK
040 _aCRL
040 _beng
040 _cCRL
041 _2eng
041 _aeng
084 _qCRL
100 _aBernard Fall
_91221018
245 4 _aThe Two Vietnams
245 2 _bA Political And Military Analysis
260 _bTaylor and Francis
260 _c1985
365 _a
365 _b230
856 _uhttp://www.taylorfrancis.com/books/9780429315473
942 _cEBOOK
999 _c1828213
_d1828213